| 000 | 00332nam a2200121Ia 4500 | ||
|---|---|---|---|
| 008 | 190216s9999||||xx |||||||||||||| ||und|| | ||
| 100 | _aEleanor M Hough & Horace Plunkett&Amp;Madhavadas | ||
| 245 | 0 | _aCo-Operative Movement In India | |
| 260 |
_bOxford University Press _c1966 |
||
| 300 | _a492 | ||
| 650 | _aCommerce | ||
| 942 | _cBK | ||
| 999 |
_c8317 _d8317 |
||